Možné riziká z rozšírenia pestovania poľnohospodárskych plodín na výrobu biopalív I. generácie

Vysvetlenie pojmu biomasa. Výroba biopalív. Energetická rovnováha výroby biopalív. Možné riziká rozšírenia pestovania poľnohospodárskych plodín na výrobu biopalív.

Gespeichert in:
Bibliographische Detailangaben
1. Verfasser: Naščáková, Jana
Weitere Verfasser: Turisová, Renáta
Format: Buchkapitel
Sprache:Slowakisch
Schlagworte:
Tags: Tag hinzufügen
Keine Tags, Fügen Sie das erste Tag hinzu!

MARC

LEADER 00000naa$a2200000$$$4500
001 0088956
005 20240530095500.6
041 0 |a slo 
044 |a PL 
245 1 0 |a Možné riziká z rozšírenia pestovania poľnohospodárskych plodín na výrobu biopalív I. generácie  |c Jana Naščáková, Renáta Turisová 
520 |a Vysvetlenie pojmu biomasa. Výroba biopalív. Energetická rovnováha výroby biopalív. Možné riziká rozšírenia pestovania poľnohospodárskych plodín na výrobu biopalív. 
610 2 0 |a zdroje energetické 
610 2 0 |a zdroje energie obnoviteľné 
610 2 0 |a zdroje energie prírodné 
610 2 0 |a poľnohospodárstvo 
610 2 0 |a plodiny poľnohospodárske 
610 2 0 |a potraviny 
610 2 0 |a ceny 
100 1 |a Naščáková, Jana 
700 1 |a Turisová, Renáta